000 00583nam a2200217Ia 4500
005 20241216011102.0
008 190212s9999||||xx |||||||||||||| ||und||
082 _a658.1554
_bM72
100 _aMOISSON, MARCEL
245 0 _aRENTABILIDAD DE LAS EMPRESAS
250 _a0
260 _aBARCELONA-ESPAÑA
_bSAGITARIO
_c1963
300 _a148 pag
_c22 cm
341 _h0
490 _v0
_a0
505 _aRENTABILIDAD-EMPRESAS/APLICACIONES-TECNICAS (ADMINIST.)
541 _aC
_d06-Dec-93
_oSoles
650 _aCIENCIAS APLICADAS
856 _zCiencias Aplicadas
942 _cLIBRO
999 _c32227
_d32227